00984nam a2200265Ia 4500003000400000005001700004008004100021020001800062040001800080041000800098082002100106100002600127245010100153250001200254260003600266300002500302650003100327651004800358651003700406651003800443700002500481942003000506999001900536952016300555OSt20231013144432.0210716s2011 xx 000 0 und d a9781847940728 cAIMIT LIBRARY aeng a374.22 21bCONB aConaty, Bill.9137978 aTalent masters : bwhy smart leaders put people before numbers /cBy Bill Conaty and Ram Charan. a1st ed. aLondon :bRandom House ,c2011. a320p. ;bPBc23.3 cm aGeneral Management9137979 aThe special expertise talent master9137980 aBecoming a talent master9137981 aThe talent master toolkit9137982 aCharan, Ram.9137983 2ddccBKe1stk374.22 CONB c208703d208703 00102ddc40708MBAaAIMITbAIMITd2014-10-18g799.00iBill no:740; Bill dt:2014-09-23l0o374.22 CONBpMBA11269r2026-05-23 00:00:00v599.25w2021-07-16yBK